<?xml version="1.0" encoding="UTF-8"?>
<record
    xmlns:xsi="http://www.w3.org/2001/XMLSchema-instance"
    xsi:schemaLocation="http://www.loc.gov/MARC21/slim http://www.loc.gov/standards/marcxml/schema/MARC21slim.xsd"
    xmlns="http://www.loc.gov/MARC21/slim">

  <leader>01252nam0a22003611  4500</leader>
  <controlfield tag="001">RU\NLR\bibl\991813</controlfield>
  <controlfield tag="005">20260406064818.0</controlfield>
  <datafield tag="010" ind1=" " ind2=" ">
    <subfield code="a">5-367-00175-0</subfield>
    <subfield code="9">4000</subfield>
  </datafield>
  <datafield tag="021" ind1=" " ind2=" ">
    <subfield code="a">RU</subfield>
    <subfield code="b">2006-49199</subfield>
    <subfield code="9">2438</subfield>
  </datafield>
  <datafield tag="035" ind1=" " ind2=" ">
    <subfield code="a">(NLR Aleph) 000979609</subfield>
  </datafield>
  <datafield tag="090" ind1=" " ind2=" ">
    <subfield code="a">450682</subfield>
    <subfield code="c">450682</subfield>
  </datafield>
  <datafield tag="100" ind1=" " ind2=" ">
    <subfield code="a">20061005d2006    |||y0rusy50      ca</subfield>
  </datafield>
  <datafield tag="101" ind1="1" ind2=" ">
    <subfield code="a">rus</subfield>
    <subfield code="c">jpn</subfield>
  </datafield>
  <datafield tag="102" ind1=" " ind2=" ">
    <subfield code="a">RU</subfield>
  </datafield>
  <datafield tag="105" ind1=" " ind2=" ">
    <subfield code="a">y   |||||||||</subfield>
  </datafield>
  <datafield tag="200" ind1="1" ind2=" ">
    <subfield code="a">Hardboiled/Hard Luck</subfield>
    <subfield code="e">[&#x440;&#x43E;&#x43C;&#x430;&#x43D;&#x44B;]</subfield>
    <subfield code="f">&#x411;&#x430;&#x43D;&#x430;&#x43D;&#x430; &#x415;&#x441;&#x438;&#x43C;&#x43E;&#x442;&#x43E;</subfield>
    <subfield code="g">[&#x43F;&#x435;&#x440;. &#x441; &#x44F;&#x43F;. &#x41D;.&#x42E;. &#x421;&#x430;&#x432;&#x430;&#x442;&#x44E;&#x433;&#x438;&#x43D;&#x430;]</subfield>
  </datafield>
  <datafield tag="210" ind1=" " ind2=" ">
    <subfield code="a">&#x421;&#x430;&#x43D;&#x43A;&#x442;-&#x41F;&#x435;&#x442;&#x435;&#x440;&#x431;&#x443;&#x440;&#x433;</subfield>
    <subfield code="c">&#x410;&#x43C;&#x444;&#x43E;&#x440;&#x430;</subfield>
    <subfield code="d">2006</subfield>
  </datafield>
  <datafield tag="215" ind1=" " ind2=" ">
    <subfield code="a">139, [1] c.</subfield>
    <subfield code="d">17</subfield>
  </datafield>
  <datafield tag="225" ind1="1" ind2=" ">
    <subfield code="a">&#x410;&#x43C;&#x444;&#x43E;&#x440;&#x430;-&#x43C;&#x438;&#x43D;&#x438;</subfield>
  </datafield>
  <datafield tag="300" ind1=" " ind2=" ">
    <subfield code="a">&#x41D;&#x430; 4-&#x439; &#x441;. &#x43E;&#x431;&#x43B;. &#x430;&#x432;&#x442;.: &#x43F;&#x441;&#x435;&#x432;&#x434;.- &#x411;&#x430;&#x43D;&#x430;&#x43D;&#x430;</subfield>
  </datafield>
  <datafield tag="327" ind1="1" ind2=" ">
    <subfield code="a">&#x421;&#x43E;&#x434;&#x435;&#x440;&#x436;.: &#x427;&#x438;&#x441;&#x442;&#x430;&#x44F; &#x441;&#x43E;&#x432;&#x435;&#x441;&#x442;&#x44C;; &#x414;&#x43E;&#x43B;&#x44F;</subfield>
  </datafield>
  <datafield tag="686" ind1=" " ind2=" ">
    <subfield code="a">&#x428;6(5&#x42F;)67-440.4{&#x41B;&#x445;2318-50}</subfield>
  </datafield>
  <datafield tag="700" ind1=" " ind2="1">
    <subfield code="4">070</subfield>
    <subfield code="8">rus</subfield>
    <subfield code="7">ca</subfield>
    <subfield code="a">&#x415;&#x441;&#x438;&#x43C;&#x43E;&#x442;&#x43E;</subfield>
    <subfield code="b">&#x411;.</subfield>
    <subfield code="f">1964-</subfield>
    <subfield code="g">&#x411;&#x430;&#x43D;&#x430;&#x43D;&#x430;</subfield>
    <subfield code="3">RU\NLR\auth\7714515</subfield>
    <subfield code="9">124187</subfield>
  </datafield>
  <datafield tag="702" ind1=" " ind2="1">
    <subfield code="a">&#x421;&#x430;&#x432;&#x430;&#x442;&#x44E;&#x433;&#x438;&#x43D;&#x430;</subfield>
    <subfield code="b">&#x41D;. &#x42E;.</subfield>
    <subfield code="4">730</subfield>
  </datafield>
  <datafield tag="801" ind1=" " ind2="0">
    <subfield code="a">RU</subfield>
    <subfield code="b">NLR</subfield>
    <subfield code="c">20061005</subfield>
    <subfield code="g">rcr</subfield>
  </datafield>
  <datafield tag="801" ind1=" " ind2="1">
    <subfield code="a">RU</subfield>
    <subfield code="b">NLR</subfield>
    <subfield code="c">20061005</subfield>
  </datafield>
  <datafield tag="830" ind1=" " ind2=" ">
    <subfield code="a">&#x43F;&#x435;&#x440;. &#x43D;&#x435; &#x440;&#x430;&#x441;&#x43A;&#x440;.</subfield>
  </datafield>
  <datafield tag="852" ind1=" " ind2=" ">
    <subfield code="a">NLR</subfield>
    <subfield code="b">&#x41E;&#x41B;&#x421;&#x410;&#x410;-&#x441;&#x43B;-&#x441;&#x43F;&#x440;</subfield>
    <subfield code="j">2-4855</subfield>
  </datafield>
  <datafield tag="942" ind1=" " ind2=" ">
    <subfield code="c">BOOK</subfield>
  </datafield>
  <datafield tag="980" ind1=" " ind2=" ">
    <subfield code="a">NB</subfield>
  </datafield>
  <datafield tag="980" ind1="1" ind2=" ">
    <subfield code="a">SL_SPR</subfield>
  </datafield>
  <datafield tag="995" ind1=" " ind2=" ">
    <subfield code="5">2006-10-05</subfield>
    <subfield code="a">aa</subfield>
    <subfield code="b">NLR01</subfield>
    <subfield code="c">NLR01</subfield>
    <subfield code="e">RF3</subfield>
    <subfield code="f">2271360</subfield>
    <subfield code="k">2006-2/2934</subfield>
    <subfield code="o">0</subfield>
    <subfield code="p">118.00</subfield>
    <subfield code="r">BOOK</subfield>
    <subfield code="s">200622934_</subfield>
  </datafield>
  <datafield tag="995" ind1=" " ind2=" ">
    <subfield code="5">2006-10-05</subfield>
    <subfield code="a">aa</subfield>
    <subfield code="b">NLR01</subfield>
    <subfield code="c">NLR01</subfield>
    <subfield code="e">OLS05</subfield>
    <subfield code="f">2271361</subfield>
    <subfield code="o">0</subfield>
    <subfield code="p">118.00</subfield>
    <subfield code="r">BOOK</subfield>
  </datafield>
  <datafield tag="995" ind1=" " ind2=" ">
    <subfield code="5">2006-10-05</subfield>
    <subfield code="a">ad</subfield>
    <subfield code="b">NLR02</subfield>
    <subfield code="c">NLR02</subfield>
    <subfield code="e">AB</subfield>
    <subfield code="f">2271363</subfield>
    <subfield code="k">&#x410;&#x431; &#x428;6(5&#x42F;)/&#x415;-83</subfield>
    <subfield code="o">0</subfield>
    <subfield code="r">BOOK</subfield>
    <subfield code="s">_6583</subfield>
  </datafield>
  <datafield tag="995" ind1=" " ind2=" ">
    <subfield code="5">2006-10-06</subfield>
    <subfield code="a">ad</subfield>
    <subfield code="b">NLR01</subfield>
    <subfield code="c">NLR01</subfield>
    <subfield code="e">RF3</subfield>
    <subfield code="f">2273739</subfield>
    <subfield code="k">2006-2/2934</subfield>
    <subfield code="o">0</subfield>
    <subfield code="r">BOOK</subfield>
    <subfield code="s">200622934_</subfield>
  </datafield>
</record>
